A history of ancient & medieval philosophy.

Bibliographic Details
Main Author: Mayer, Frederick, 1921-2006
Format: Book
Language:English
Published: New York : American Book Co., [1950]
Subjects:

MARC

Tag First Indicator Second Indicator Subfields
LEADER 00000cam a2200000 4500
001 in00000319721
005 20151011050452.0
008 740423s1950 nyu b 00000 eng d
010 |a  50013818  
035 |a (OCoLC)00864494 
035 |9 ABK1384AM 
040 |c CSU  |d TXA  |d UtOrBLW 
049 |a TXAM  |c [528777] 
090 |a B72  |b .M38 
100 1 |a Mayer, Frederick,  |d 1921-2006. 
245 1 2 |a A history of ancient & medieval philosophy. 
264 1 |a New York :  |b American Book Co.,  |c [1950] 
300 |a xii, 546 pages 
336 |a text  |b txt  |2 rdacontent 
337 |a unmediated  |b n  |2 rdamedia 
338 |a volume  |b nc  |2 rdacarrier 
504 |a Bibliography: pages 525-534. 
650 0 |a Philosophy, Ancient. 
650 0 |a Philosophy, Medieval. 
999 |a MARS 
999 f f |s 1e5641da-d437-3618-8a29-5608c4ebf4b7  |i cece5bed-ef1c-3181-a404-8bfb0c7e8465  |t 0 
952 f f |p ric  |a Texas A&M University  |b Rellis Campus  |c Joint Library Facility  |d Remote Storage  |t 0  |e B72 .M38  |h Library of Congress classification  |i unmediated -- volume  |m A14801586551 
998 f f |a B72 .M38  |t 0  |l Remote Storage